Normal view
MARC view
- Teenagers.
Entry Topical Term
001 - CONTROL NUMBER
- control field: 40621
003 - CONTROL NUMBER IDENTIFIER
- control field: OSt
005 - DATE AND TIME OF LATEST TRANSACTION
- control field: 20191119080648.0
008 - FIXED-LENGTH DATA ELEMENTS
- fixed length control field: 191119|| aca||aabn | a|a d
040 ## - CATALOGING SOURCE
- Original cataloging agency: OSt
- Transcribing agency: OSt
150 ## - HEADING--TOPICAL TERM
- Topical term or geographic name entry element: Teenagers.
670 ## - SOURCE DATA FOUND
- Source citation: Work cat.: (OSt)14618: 40448 Gomes, William Chaves., Surviving teenagers/, Apr-Oct 2011.
